000 00357 a2200169 4500
001 49729
020 _a853220029X
040 _cAnchieta - Bela Vista
100 _aAlves, Ceciliany
240 1 0 _aÉ preciso lutar
_lpor
245 1 0 _aÉ preciso lutar
300 _a101
362 0 _a1998
440 1 _aFTD
650 4 _aLiteratura juvenil
942 _cBK
999 _c49729
_d49729